000 00316 a2200157 4500
001 60403
020 _a
040 _cAnchieta - Pituba
100 _aTronca, Ítalo
240 1 0 _aRevolução de 1930
_lpor
245 1 0 _aRevolução de 1930
300 _a101
362 0 _a1982
650 4 _aBrasil
942 _cBK
999 _c60403
_d60403